01266cam a2200301 a 4500003000900000005001700009008004100026040002800067041000800095049000900103097000900112099002800121100003300149245015800182246008700340260005500427300004800482500004300530502010100573700003900674700004400713856003300757905002100790905001900811942001200830999001700842952010500859EG-GiCUC20250223030627.0120527s2002 ua do f m 000 0 eng d aEG-GiCUCbengcEG-GiCUC0 aeng aGift aM.Sc aCai01.34.M.Sc.2002.We.E0 aWed Abdellatif Ibrahim Abdou10aEnvironmental studies on Wadi Elrayan , Elfayoum Governorate / cWed Abdellatif Ibrahim Abdou ; Supervised Mamdouh Salem Serag , Mohamed Abdelgalil Ahmed15aدراسات بيئية على وادى الريان : محافظة الفيوم aDamietta : bWed Abdellatif Ibrahim Abdou , c2002 a174Leaves : bcharst , photographs ; c30cm aGift from Prof. Kamal Hassan Batanouny aThesis (M.Sc.) - Mansoura University - Faculty of Science - Department of Environmental Sciences0 aMamdouh Salem Serag , eSupervisor0 aMohamed Abdelgalil Ahmed , eSupervisor uhttp://172.23.153.220/th.pdf aFatmaeCataloger aNazlaeRevisor 2ddccTH c38662d38662 2ddc70aCUCLbcl410d2024-02-11oCai01.34.M.Sc.2002.We.Ep01010110048957000r2024-06-23 00:00:00yTH